000 00513nam a2200181 i 4500
001 bgj
245 0 0 _aAmerican writing today.
_nVol.2 /
_cedited by Richard Kostelanetz.
260 _aWashington, D.C.,
_c1982.
300 _a318, [6] pp ;
_c21 cm.
490 1 _aForum Series
650 9 _aAmerican literature
_xHistory and criticism
_y1945-
700 1 _aKOSTELANETZ, Richard.
_eeditor
830 _aForum Series
040 _cBPK
041 0 _aeng
942 _cKS
008 s uk f |000 0 eng
999 _c47818
_d47818
856 _uhttp://koha.tu.koszalin.pl/cgi-bin/koha/opac-detail.pl?biblionumber=47818
_yKatalog online BPK